[Event "DM2013"]
[Site "DM2013"]
[Date "31.12.29"]
[Round "4"]
[White "Jens Riis"]
[Black "Erik Asmund"]
[Result "1/2-1/2"]
[WhiteElo "1602"]
[BlackElo "1737"]
[PlyCount "41"]
[EventDate "31.??.??"]

1. d4 Nf6 2. c4 e6 3. Nc3 Bb4 4. Qc2 b6 5. e4 h6 6. a3 Bxc3+ 7. bxc3 Bb7 8. Bd3
d6 9. Nf3 Nfd7 10. O-O e5 11. Be3 Nc6 12. Qe2 Ne7 13. d5 Ng6 14. h3 Bc8 15. Nh2
Nf6 16. f4 exf4 17. Bxf4 O-O 18. e5 Nxe5 19. Bxe5 dxe5 20. Qxe5 Qd6 21. Rfe1
1/2-1/2

[Event "DM2013"]
[Site "DM2013"]
[Date "3.12.29"]
[Round "5"]
[White "Erik Holm Jacobsen"]
[Black "�ystein Johnsen"]
[Result "1/2-1/2"]
[WhiteElo "2053"]
[BlackElo "1951"]
[PlyCount "90"]
[EventDate "3.??.??"]

1. d4 d5 2. c4 e6 3. Nc3 Nf6 4. Bg5 Nbd7 5. e3 c6 6. a3 Be7 7. Nf3 h6 8. Bh4
O-O 9. Bd3 b6 10. O-O Bb7 11. Rc1 dxc4 12. Bxc4 c5 13. dxc5 Nxc5 14. Qe2 a6 15.
Rfd1 Qe8 16. b4 Nce4 17. Nxe4 Nxe4 18. Bxe7 Qxe7 19. Bd3 a5 20. Bxe4 Bxe4 21.
Rd4 Bxf3 22. Qxf3 axb4 23. axb4 e5 24. Qe4 Ra2 25. Rdc4 Rd8 26. g3 Rad2 27. Rc8
Qe6 28. Rxd8+ Rxd8 29. Kg2 Qd5 30. Kf3 f5 31. Qxd5+ Rxd5 32. Rc4 e4+ 33. Ke2
Kf7 34. Rd4 Ke6 35. Rc4 Kd7 36. f3 exf3+ 37. Kxf3 g5 38. e4 Rd3+ 39. Ke2 fxe4
40. Rxe4 Rd6 41. Ke3 Kc6 42. h4 gxh4 43. Rxh4 Kb5 44. Kf4 Rc6 45. Kf5 Rd6
1/2-1/2

[Event "DM2013"]
[Site "DM2013"]
[Date "3.12.29"]
[Round "5"]
[White "Erik Jarln�s"]
[Black "Bj�rn Laursen"]
[Result "0-1"]
[WhiteElo "1918"]
[BlackElo "1849"]
[PlyCount "82"]
[EventDate "3.??.??"]

1. e4 e5 2. Nf3 Nf6 3. Nc3 Bb4 4. Bc4 d6 5. d3 h6 6. h3 Nc6 7. a3 Bc5 8. O-O
O-O 9. Be3 Nd4 10. Bxd4 Bxd4 11. Nxd4 exd4 12. Ne2 c5 13. f4 Be6 14. Bxe6 fxe6
15. c4 Nd7 16. Qe1 Qe7 17. Qg3 Rf7 18. Qg4 Raf8 19. Ng3 Nf6 20. Qg6 Nh7 21. Qg4
Nf6 22. Qe2 Nd7 23. Qd2 Qh4 24. Ne2 Qe7 25. Rae1 b6 26. Rf3 Nf6 27. Ref1 Nd7
28. Ng3 Nf6 29. Qe2 Nd7 30. Nh5 Nf6 31. Rg3 Nxh5 32. Qxh5 Rf6 33. Qg4 Qf7 34.
f5 exf5 35. Rxf5 Rxf5 36. exf5 Re8 37. Qf4 Qf6 38. Rg6 Qe5 39. Qxh6 Qe1+ 40.
Kh2 Qe5+ 41. Rg3 Qxg3+ 0-1

[Event "DM2013"]
[Site "DM2013"]
[Date "3.12.29"]
[Round "5"]
[White "Finn Larsen"]
[Black "Niels M�ller Rendlev"]
[Result "1/2-1/2"]
[WhiteElo "1850"]
[BlackElo "1852"]
[PlyCount "72"]
[EventDate "3.??.??"]

1. e4 e6 2. d4 d5 3. Nd2 Nf6 4. e5 Nfd7 5. Bb5 a6 6. Bxd7+ Bxd7 7. Ne2 c5 8. c3
Nc6 9. Nf3 cxd4 10. cxd4 Qb6 11. O-O Be7 12. Rb1 O-O 13. Be3 Rac8 14. Nc3 Na5
15. Nd2 Nc4 16. Nxc4 Rxc4 17. Qg4 f5 18. exf6 Bxf6 19. Nxd5 exd5 20. Qxd7 Rd8
21. Qf5 g6 22. Qf3 Bg7 23. b3 Rc2 24. Bg5 Rd7 25. Rfe1 Rc8 26. Qg4 Rdc7 27. Qf3
Qc6 28. Rbc1 Qd7 29. Rcd1 Qf5 30. Qg3 Rc3 31. Be3 Qc2 32. Qd6 Qf5 33. h3 Rc2
34. Rd2 Rxd2 35. Bxd2 Bxd4 36. Be3 Bxe3 1/2-1/2

[Event "DM2013"]
[Site "DM2013"]
[Date "3.12.29"]
[Round "5"]
[White "S�ren R. Ottesen"]
[Black "Erling Christiansen"]
[Result "0-1"]
[WhiteElo "1792"]
[BlackElo "1919"]
[PlyCount "66"]
[EventDate "3.??.??"]

1. e4 e5 2. Nf3 Nc6 3. Bc4 Bc5 4. b4 Bxb4 5. c3 Ba5 6. d4 exd4 7. O-O d3 8.
Bxd3 d6 9. h3 Be6 10. Qc2 Nf6 11. Bg5 h6 12. Bh4 g5 13. Bg3 Qe7 14. Nd4 Bd7 15.
Nd2 Bb6 16. N2f3 O-O-O 17. Nxc6 Bxc6 18. Nd4 Bd7 19. a4 Nh5 20. a5 Bc5 21. Kh1
Nf4 22. Nb3 h5 23. Nxc5 dxc5 24. Rab1 Nxd3 25. Qxd3 Bxh3 26. Qf3 Bg4 27. Qe3 h4
28. f3 hxg3+ 29. Kg1 Be6 30. Rb5 Bc4 31. Rxb7 Kxb7 32. Rb1+ Ka8 33. e5 Rh4 0-1

[Event "DM2013"]
[Site "DM2013"]
[Date "3.12.29"]
[Round "5"]
[White "Finn Stuhr"]
[Black "Sven Michelsen"]
[Result "1-0"]
[WhiteElo "1701"]
[BlackElo "1799"]
[PlyCount "105"]
[EventDate "3.??.??"]

1. e4 c5 2. Nf3 d6 3. d4 cxd4 4. Nxd4 Nc6 5. Bb5 Bd7 6. Nxc6 bxc6 7. Bc4 Nf6 8.
Nc3 g6 9. Bf4 Qc7 10. Qd2 Bg7 11. O-O O-O 12. Rad1 Rfd8 13. Rfe1 e5 14. Bg5 Be6
15. Qd3 Rd7 16. b3 Re8 17. f4 Bxc4 18. Qxc4 Nh5 19. f5 h6 20. Bh4 g5 21. Bf2
Nf4 22. Be3 Kh7 23. g3 Nh5 24. a4 Nf6 25. Rd2 Ng4 26. Bf2 Nxf2 27. Kxf2 Bf6 28.
Kg2 Kg7 29. b4 Rc8 30. Red1 Be7 31. Qb3 Rb8 32. b5 a6 33. f6+ Bxf6 34. Rf1 axb5
35. axb5 Qa7 36. Rdf2 Bd8 37. Qc4 d5 38. exd5 cxb5 39. Nxb5 Qb7 40. Nd6 Rxd6
41. Rxf7+ Qxf7 42. Rxf7+ Kxf7 43. Qe4 Bf6 44. c4 Rb2+ 45. Kh3 Rd2 46. Qh7+ Bg7
47. Qf5+ Ke8 48. Qc8+ Ke7 49. Qb7+ Rd7 50. Qb4+ Kf6 51. Qxd2 Bf8 52. Qf2+ Kg7
53. Qf5 1-0

[Event "DM2013"]
[Site "DM2013"]
[Date "3.12.29"]
[Round "5"]
[White "Ernst J. Jessen"]
[Black "Jens Riis"]
[Result "1/2-1/2"]
[WhiteElo "1773"]
[BlackElo "1602"]
[PlyCount "61"]
[EventDate "3.??.??"]

1. e4 c5 2. Bc4 e6 3. Nf3 Nc6 4. O-O Be7 5. d4 cxd4 6. Nxd4 d6 7. Nf3 Nf6 8.
Re1 O-O 9. a3 Bd7 10. b3 Qc7 11. Bb2 Ne5 12. Nxe5 dxe5 13. Nd2 Bc6 14. Bd3 h6
15. Nc4 Bd6 16. Nxd6 Qxd6 17. Qe2 Rfd8 18. Qf3 Nh7 19. Qg3 f6 20. h4 a6 21. Bc1
g5 22. hxg5 hxg5 23. f3 Kg7 24. Bb2 Rh8 25. Rad1 Rhd8 26. Qf2 Nf8 27. Be2 Qe7
28. Rxd8 Rxd8 29. Rd1 Qc7 30. Qe3 Ng6 31. g3 1/2-1/2

[Event "DM2013"]
[Site "DM2013"]
[Date "3.12.29"]
[Round "5"]
[White "Erik Asmund"]
[Black "Dennis Madsen"]
[Result "0-1"]
[WhiteElo "1737"]
[BlackElo "1592"]
[PlyCount "118"]
[EventDate "3.??.??"]

1. e4 d5 2. exd5 Nf6 3. Nc3 Nxd5 4. Nxd5 Qxd5 5. Nf3 Bg4 6. Be2 e5 7. d3 Nc6 8.
O-O O-O-O 9. Be3 h5 10. a3 e4 11. dxe4 Qxe4 12. Qc1 Bd6 13. Bd3 Qe7 14. Bg5 f6
15. Re1 Qd7 16. Bf4 Bxf3 17. gxf3 Ne5 18. Bxe5 Bxe5 19. Rxe5 fxe5 20. Qg5 Rdf8
21. Be4 Qe6 22. Qe3 b6 23. Rd1 Rh6 24. Qd3 Kb8 25. Qa6 c6 26. Qe2 Qe7 27. Qd3
Rff6 28. Qd8+ Qxd8 29. Rxd8+ Kc7 30. Rg8 Rf7 31. Re8 Kd6 32. Rd8+ Rd7 33. Rc8
Rc7 34. Re8 Re7 35. Rc8 Rc7 36. Re8 Re6 37. Rf8 Kc5 38. b3 a5 39. Rd8 Rd6 40.
Rxd6 Kxd6 41. a4 g5 42. h3 h4 43. Kf1 Kc5 44. Ke2 b5 45. axb5 cxb5 46. Kd2 Kb4
47. Kc1 Kc3 48. Bf5 a4 49. bxa4 bxa4 50. Kb1 Rb7+ 51. Ka2 Rb2+ 52. Ka3 Rxc2 53.
Bxc2 Kxc2 54. Kxa4 Kd3 55. Kb4 Ke2 56. Kc4 Kxf3 57. Kd3 Kxf2 58. Ke4 Kg3 59.
Kxe5 Kxh3 0-1